00590nam a2200157Ia 4500008004100000020001800041050002100059100004100080240005800121245009200179260002300271300001000294440002000304500003800324650007000362121028s9999 xx 000 0 und d a968-24-4936-7 aHE617 M67 1995 aMorfín Herrera, María del Carmen aLa transportación marítima mexicana en el turismo aLa transportación marítima mexicana en el turismo / Ma. del Carmen Morfín Herrera aMéxico : Trillas a136 p aTrillas turismo aIncluye índice , Bibliografía aTransporte por aguas interiores Embarques Turismo Ì